| 000 | 02034nas a2200289 i 4500 | ||
|---|---|---|---|
| 005 | 20260312155116.0 | ||
| 007 | ta | ||
| 008 | 260312e2022 dr mn|p|r||||||0| | spa d | ||
| 022 | _a2811-5058 | ||
| 040 |
_cDO-SdBNP _aAGN _bspa _erda |
||
| 041 | _aspa | ||
| 110 |
_aLiga Municipal Dominicana _92379 |
||
| 245 |
_aMiradas Municipales / _cLiga Municipal Dominicana |
||
| 264 |
_aSanto Domingo, República Dominicana : _bLiga Municipal Dominicana, _c2022. |
||
| 300 |
_avolumen : _bilustraciones, fotografías ; _c26.5 cm. |
||
| 310 | _amensual. | ||
| 336 |
_atexto _btxt _2rdacontent |
||
| 337 |
_asin mediación _bn _2rdamedia |
||
| 338 |
_avolumen _bnc _2rdacarrier |
||
| 362 | _aAño 2. No. 2, abril 2022. | ||
| 500 | _aCatalogación basada en el: Año 2. No. 2, abril 2022. | ||
| 500 | _aIndicadores de seguridad y convivencia ciudadana en los territorios. | ||
| 520 | _aEn junio de 2021 el Gobierno inició el piloto de una nueva estrategia de seguridad para reducir los niveles de criminalidad, denominada Estrategia Integral de Seguridad Ciudadana: Mi País Seguro, en línea con la necesidad de que los dominicanos y dominicanas se sientan y habiten en comunidades más seguras y de pleno disfrute de sus derechos fundamentales. La Estrategia Integral de Seguridad Ciudadana: Mi País Seguro, plantea la necesidad de establecer un sistema que coordine horizontalmente instituciones y sectores, verticalmente niveles de gobierno (nacional, provincial y local), así como esfuerzos de la cooperación internacional al desarrollo. Esta estrategia fue definida en el marco del Plan de Seguridad Ciudadana que el Gobierno ha diseñado con el objetivo de construir comunidades pacíficas, lo que contribuirá a mejorar la calidad de vida de la gente (PNPSP 2021-2024). | ||
| 650 | 0 |
_aLiga municipal dominicana _xIndicadores _989204 _vPublicaciones periódicas |
|
| 856 | _yhttps://lmd.gob.do/transparencia/phocadownload/Planificacion/2022/Publicaciones/Miradas%20Municipales%20abril%202022.pdf | ||
| 942 |
_2ddc _cISSUE |
||
| 999 |
_c60499 _d60499 |
||